| 000 | 00410nam a2200181Ia 4500 | ||
|---|---|---|---|
| 008 | 210210b1918 xxu||||| |||| 00| 0 eng d | ||
| 041 | _aeng | ||
| 082 | _a821/846 | ||
| 100 | _aBARRIE (J M) | ||
| 245 | _aEchoes of the War | ||
| 260 |
_aLondon _bHodder and Stoughton Limited _c1918 |
||
| 650 | _aWar | ||
| 650 | _athe | ||
| 650 | _aof | ||
| 650 | _aEchoes | ||
| 690 | _aEnglish Drama | ||
| 906 | _a012012 | ||
| 999 |
_c130763 _d130763 |
||